000 00839nas a2200277 4500
001 BR9201305
003 BR-BrBNA
005 20231205092401.0
007 ta
008 230509b bl.|||p| |||| 00| 00por d
040 _aBR-BrBNA
_bpor
_cBiblioteca Nacional de Agricultura
041 _a(Pt)
072 _aL53
100 1 _aCasagrande, J.F.
100 1 _aPinheiro, L.E.L.
100 1 _aFerraz, J.B.S.
100 1 _aAlmeida, C.A.
245 1 _aA influencia da motilidade e da velocidade espermatica sobre a fertilidade do semen
650 _aSEMEN
650 _aESPERMATOZOIDE
650 _aFERTILIDADE ANIMAL
650 _aCONGELAMENTO
773 0 _tRevista Brasileira de Reproducao Animal (Brazil)
_xISSN 0102-0803
_g(1979), v. 3(2) p. 31-35
_wBR9201305
909 _a202311
_bLúcia
_c55
_dLúcia Elande
942 _2AGRIS
_n0
_cANA
999 _c131330
_d131330